000 00327nam a2200109Ia 4500
008 171211s9999 xx 000 0 und d
245 _aStage Money: The Business of the Professional Theater
245 _cJim Patterson and Tim Donahue
260 _c2010
650 _xART
856 _uhttp://down.ebook777.com/062/1570039070.pdf
999 _c348545
_d348545